| 000 | 00421nam a2200169Ia 4500 | ||
|---|---|---|---|
| 008 | 221030s9999 xx 000 0 und d | ||
| 020 | _a812241267 | ||
| 041 | _aEnglish | ||
| 082 |
_a105.23 _bRam |
||
| 100 | _aB. Ram | ||
| 245 | 0 | _aComputer Fundamentals : Architecture & Organization | |
| 250 | _a3rd | ||
| 260 |
_bNew Age International Pub. _aNew Delhi _c2001 |
||
| 300 | _a1015 | ||
| 650 | _aComputers | ||
| 942 | _cBK | ||
| 999 |
_c1334 _d1334 |
||